000 01153nam a2200217Ia 4500
003 Ost
005 20260507075018.0
008 260507s9999||||xx |||||||||||||| ||und||
020 _a765723977
040 _cfsecg
041 _aara
082 _a657.7
100 _aقللي، يحي أحمد مصطفى
_eمؤلف
245 0 _aدراسات في أساليب المحاسبة الإدارية :
_bللقادة الإداريين وغير التجاريين /
_c يحي أحمد مصطفى قللي
260 _aالقاهرة:
_bإيتراك,
_c2003
300 _a358 صفحة؛
_bإيضاحات ؛
_c24 سم
520 _aالنظام المحاسبي للمشروع-المعلومات التكاليفية-المعلومات وهندسة القرار-التكاليف واتخاذ القرارات-الموازنة الشاملة-محاسبة المسؤولية-الموازنات المرنة وتحليل الإنحرافات-الموازنة الرأسمالية-قائمة مصادر الأموال والإستخدامات
653 _aالقيادة الإدارية
653 _aالمحاسبة الإدارية
942 _cكتاب
999 _c42237
_d42237